00483nam a22001577a 4500003000900000008004100009040007100050082001800121100002200139245004300161260003700204300002300241650002100264650002700285650001300312AR-CdUCM190305b ||||| |||| 00| 0 spa d aMUNICIPALIDAD PROVINCIAL DEL CUSCOcBIBLIOTECA MUNICIPAL DEL CUSCO a869.56 /bB67 aBacacorzo, Xavier aIra y amor por la sangre de Camboya /  aLima :b Palabra y Fuego,c1970. a10 hojas ;c21 cm. aPoesía Peruana aVietnan en la poesía aSiglo XX